ბათუმის შოთა რუსთაველის სახელმწიფო უნივერსიტეტის ბიბლიოთეკა

Женщина в Исламе и в иудео-христианском мире(мифы и реальность) / (ბიბ.ჩანაწერი № 36893)

000 -LEADER
fixed length control field 00679nam a2200193Ia 4500
001 - CONTROL NUMBER
control field 2844
003 - CONTROL NUMBER IDENTIFIER
control field GE_BSU
005 - DATE AND TIME OF LATEST TRANSACTION
control field 20221027150022.0
008 - FIXED-LENGTH DATA ELEMENTS--GENERAL INFORMATION
fixed length control field 181216s? ru xx |||||||||||||| ||rus||
040 ## - CATALOGING SOURCE
Transcribing agency GE_BSU
041 ## - LANGUAGE CODE
Language code of text/sound track or separate title rus
080 ## - UNIVERSAL DECIMAL CLASSIFICATION NUMBER
Universal Decimal Classification number 28 Ж-56
245 ## - TITLE STATEMENT
Title Женщина в Исламе и в иудео-христианском мире(мифы и реальность) /
Statement of responsibility, etc. Шериф Абдезим, доктор философии королевского университета
264 ## - PRODUCTION, PUBLICATION, DISTRIBUTION, MANUFACTURE, AND COPYRIGHT NOTICE
Date of production, publication, distribution, manufacture, or copyright notice Kингстон,
Name of producer, publisher, distributor, manufacturer ?
300 ## - PHYSICAL DESCRIPTION
Extent 37 с.:
Other physical details 20 см.
653 ## - INDEX TERM--UNCONTROLLED
keyword Женщина в Исламе
653 ## - INDEX TERM--UNCONTROLLED
keyword ქალი ისლამში
942 ## - ADDED ENTRY ELEMENTS (KOHA)
Koha item type წიგნი
Source of classification or shelving scheme
ეგზემპლარები
Withdrawn status Lost status Source of classification or shelving scheme Damaged status Not for loan Permanent Location Current Location Shelving location Date acquired Full call number Barcode Date last seen Copy number Price effective from Koha item type
          ბათუმის შოთა რუსთაველის სახელმწიფო უნივერსიტეტის მთავარი ბიბლიოთეკა ბათუმის შოთა რუსთაველის სახელმწიფო უნივერსიტეტის მთავარი ბიბლიოთეკა წიგნსაცავი 2018-12-17 28 Ж-56 4826 2018-12-17 4826 2018-12-17 წიგნი